Normal view
MARC view
- الدولة الايوبية ودولة المماليك البحرية 702ه-تاريخ
Entry Topical Term
001 - CONTROL NUMBER
- control field: 10075
003 - CONTROL NUMBER IDENTIFIER
- control field: JO-AjAnu
005 - DATE AND TIME OF LATEST TRANSACTION
- control field: 20230606071923.0
008 - FIXED-LENGTH DATA ELEMENTS
- fixed length control field: 230606|| aca||aabn | a|a d
040 ## - CATALOGING SOURCE
- Original cataloging agency: JO-AjAnu
- Transcribing agency: JO-AjAnu
150 ## - HEADING--TOPICAL TERM
- Topical term or geographic name entry element: الدولة الايوبية ودولة المماليك البحرية 702ه-تاريخ
670 ## - SOURCE DATA FOUND
- Source citation: Work cat.: (JO-AjAnu)5191: تاليف المنصوري، بيبرس؛ تحقيق وتقديم حمدان، عبد الحميد صالح, author 10074, مختار الأخبار: تاريخ الدولة الإيوبية ودولة المماليك البحرية حتى سنة 702هجري